000 00683nam a22002177a 4500
003 UA-OsUOA
001 67102
007 ta
008 20100210b un ||||| |||| 00| 0 ukr d
100 _aАфанасьев Д.
090 _a004
_bА94
942 _cSA
040 _aUA-OsUOA
_bukr
_cUA-OsUOA
_dUA-OsUOA
245 _aРоль інтернет-мережевих спільнот у становленні інформаційного суспільства в Україні
300 _aС.2-4
955 _a0
041 _aukr
080 _a004
773 0 _w67101
_tВіче
_dК.
_d2010
_g2
650 7 _a00 Загальні питання науки і культури
_2UDC
999 _c353215
_d353215